000 00652nam a2200265Ia 4500
005 20250425161814.0
008 250425s9999 xx 000 0 und d
020 _a9978941126
041 _aspa
043 _aec
082 _a307.76
100 _aCARRION, FERNANDO
245 0 _aLA CIUDAD, ESCENARIO DE COMUNICACION
250 _a1A ED.
260 _aEcuador
_bFACULTAD LATINOAMERICANA DE CIENCIAS SOCIALES [FLACSO]
_c1999
260 _aQUITO
300 _a241
650 _aCIUDADES
650 _aCOMUNICACION CB
650 _aGOBIERNO
650 _aTERRITORIO
710 _aFLACSO SEDE ECUADOR
942 _c01
010 _a30389
999 _c216473
_d216473